000 00482nam a2200169Ia 4500
003 GCL
008 140319s9999 xx 000 0 ara d
040 _aGCL /
_cGCL
082 0 4 _a301.18
_bس د
100 1 _aسلمى محمود جمعة
245 1 0 _aديناميكية طريقة العمل مع الجماعات /
_cسلمى محمود جمعة
300 _a319 ص
490 _a100 قصة
_v0
650 0 4 _aالاجتماع
650 0 4 _aالجماعات
942 _2ddc
_cBK
999 _c44163
_d44163